00429nam a2200145Ia 4500008004100000041000900041082001800050100002500068245002600093260003600119300000800155650000800163999001700171952009500188230718s9999 xx 000 0 und d aEng. a346.44bMAL-M aMalik, Amna Bakhtour 0aManual of Family Cons aPakistanbPayab (cow backc2013 a812 aLaw c28770d28770 00104070aSIRC-LbSIRC-Ld2023-07-18l0o346.44 MAL-Mp23721r2023-07-18w2023-07-18yBK